WWE United States Champions (excluding WCW/NWA reigns) - Statistics

General Stats
  • This quiz has been taken 1,662 times
    65 since last reset
  • The average score is 76 of 93
Answer Stats
Date of Win Event Champion % Correct
May 19, 2019 Money in the Bank Rey Mysterio
95%
Nov 25, 2019 Raw Rey Mysterio
95%
Aug 11, 2023 Smackdown Rey Mysterio
95%
Aug 29, 2025 Smackdown Sami Zayn
95%
Mar 27, 2026 Smackdown Sami Zayn
95%
Jul 7, 2017 Live event AJ Styles
93%
Jul 25, 2017 Smackdown AJ Styles
93%
Jul 14, 2019 Extreme Rules AJ Styles
93%
Mar 14, 2004 WrestleMania XX John Cena
93%
Oct 3, 2004 No Mercy John Cena
93%
Nov 18, 2004 Smackdown John Cena
93%
Mar 29, 2015 WrestleMania 31 John Cena
93%
Sep 20, 2015 Night of Champions John Cena
93%
Apr 2, 2017 WrestleMania 33 Kevin Owens
93%
May 2, 2017 Smackdown Kevin Owens
93%
Jul 23, 2017 Battleground Kevin Owens
93%
Aug 23, 2015 SummerSlam Seth Rollins
93%
Oct 10, 2022 Raw Seth Rollins
93%
Jul 15, 2018 Extreme Rules Shinsuke Nakamura
93%
Jan 27, 2019 Royal Rumble (Kickoff) Shinsuke Nakamura
93%
Nov 30, 2024 Survivor Series Shinsuke Nakamura
93%
Apr 19, 2026 WrestleMania 42 Trick Williams
93%
Dec 26, 2025 Smackdown Carmelo Hayes
91%
Jun 19, 2011 Capitol Punishment Dolph Ziggler
88%
Dec 17, 2017 Clash of Champions Dolph Ziggler
88%
Mar 11, 2018 Fastlane Randy Orton
88%
Mar 14, 2011 Raw Sheamus
88%
May 5, 2014 Raw Sheamus
88%
Apr 11, 2021 WrestleMania 37 (N2) Sheamus
88%
Oct 19, 2003 No Mercy The Big Show
88%
Oct 17, 2025 Smackdown Ilja Dragunov
86%
Jun 1, 2009 Raw Kofi Kingston
86%
May 1, 2011 Extreme Rules Kofi Kingston
86%
Apr 15, 2013 Raw Kofi Kingston
86%
Sep 25, 2016 Night of Champions Roman Reigns
86%
Oct 5, 2009 Raw The Miz
86%
Jun 14, 2010 Raw The Miz
86%
Oct 25, 2015 Hell in a Cell Alberto Del Rio
84%
Jan 14, 2016 Smackdown Alberto Del Rio
84%
May 26, 2006 Smackdown Bobby Lashley
84%
Aug 30, 2020 Payback Bobby Lashley
84%
Jul 2, 2022 Money in the Bank Bobby Lashley
84%
Aug 21, 2005 SummerSlam Chris Benoit
84%
Feb 19, 2006 No Way Out Chris Benoit
84%
Oct 13, 2006 Smackdown Chris Benoit
84%
May 19, 2013 Extreme Rules Dean Ambrose
84%
Jul 27, 2003 Vengeance Eddie Guerrero
84%
Apr 20, 2025 WrestleMania 41 Jacob Fatu
84%
Jun 28, 2025 Night of Champions Solo Sikoa
84%
Aug 19, 2012 SummerSlam (Kickoff) Antonio Cesaro
81%
Jan 9, 2017 Raw Chris Jericho
81%
Apr 30, 2017 Payback Chris Jericho
81%
Apr 16, 2018 Raw Jeff Hardy
81%
Apr 2, 2006 WrestleMania 22 John Bradshaw Layfield
81%
Apr 27, 2008 Backlash Matt Hardy
81%
Nov 3, 2014 Raw: Backstage Pass Rusev
81%
May 22, 2016 Extreme Rules Rusev
81%
Dec 25, 2018 Smackdown Rusev
81%
Feb 28, 2022 Raw Finn Balor
79%
Aug 3, 2024 SummerSlam LA Knight
79%
Mar 7, 2025 Smackdown LA Knight
79%
Nov 4, 2023 Crown Jewel Logan Paul
79%
May 20, 2007 Judgment Day MVP
79%
Mar 20, 2009 Smackdown MVP
79%
Apr 18, 2022 Raw Austin Theory
77%
Nov 26, 2022 Survivor Series Austin Theory
77%
Jan 16, 2012 Raw Jack Swagger
77%
May 24, 2010 Raw R-Truth
77%
Jan 29, 2019 Smackdown R-Truth
77%
Jan 16, 2018 Smackdown Bobby Roode
74%
Jul 29, 2004 Smackdown Booker T
74%
Oct 21, 2005 Smackdown Booker T
74%
Jan 13, 2006 Smackdown Booker T
74%
Aug 21, 2021 SummerSlam Damian Priest
74%
Jul 20, 2008 The Great American Bash Shelton Benjamin
74%
May 25, 2020 Raw Apollo Crews
72%
Oct 7, 2004 Smackdown Carlito
72%
Sep 19, 2010 Night of Champions Daniel Bryan
72%
Apr 8, 2018 WrestleMania 34 Jinder Mahal
72%
Dec 18, 2011 TLC Zack Ryder
72%
Mar 5, 2019 Smackdown Samoa Joe
70%
Jun 3, 2019 Raw Samoa Joe
70%
Mar 3, 2005 Smackdown Orlando Jordan
67%
Mar 5, 2012 Raw Santino Marella
67%
Oct 8, 2017 Hell in a Cell Baron Corbin
65%
Jul 14, 2006 Smackdown Finlay
65%
Jan 11, 2016 Raw Kalisto
65%
Jan 24, 2016 Royal Rumble Kalisto
65%
Feb 21, 2021 Elimination Chamber Matt Riddle
65%
Sep 1, 2006 Smackdown Mr. Kennedy
65%
Dec 26, 2019 Live event Andrade
63%
May 17, 2010 Raw Bret Hart
63%
Jun 23, 2019 Stomping Grounds Ricochet
63%
No matching quizzes found
Score Distribution
Percent of People with Each Score
Percentile by Number Answered
Your Score History
You have not taken this quiz since the last reset